000 00671nam a2200241Ia 4500
005 20260430150134.0
008 008 250103s9999 xx 000 0 eng d
037 _aTheses
040 _aCRL
040 _beng
040 _ceng
041 _2eng
041 _aeng
084 _qCRL
100 _aMishra Gaurav Kumar Au.; Rama Kant Gu.
_91236571
245 0 _aTheoretical Models for Electron Transfer Kinetics And EDL Dynamics At Curved Nanostructured Electrode
260 _c2022
300 _a438p.
650 _aChemistry
700 _aUniversity of Delhi. Faculty of Science. Deptt. of Chemistry
_91236464
942 _cTH
999 _c1849042
_d1849042